| 000 | 00000nam 2200000za 4500 |
| 001 | 9.677056 |
| 003 | CaOODSP |
| 005 | 20230201095212 |
| 007 | cr ||||||||||| |
| 008 | 160624s2014 oncao o f000 0 fre d |
| 020 | |a978-0-660-21496-2 |
| 040 | |aCaOODSP|bfre |
| 043 | |an-cn--- |
| 086 | 1 |aPS64-110/2013F-PDF |
| 110 | 2 |aGendarmerie royale du Canada. |
| 245 | 10|aProgramme de mise en forme et de développement de la force musculaire |h[ressource électronique] / |c[auteurs, Luc Poirier et Sylvain Lemelin]. |
| 260 | |a[Ottawa] : |bGendarmerie royale du Canada, |cc2014. |
| 300 | |a191 p. : |bill. |
| 500 | |aPubl. aussi en anglais sous le titre : Functional strength & conditioning program. |
| 530 | |aÉgalement publ. en version imprimée. |
| 692 | 07|2gccst|aService de police |
| 692 | 07|2gccst|aCondition physique |
| 692 | 07|2gccst|aFormation |
| 775 | 08|tFunctional strength & conditioning program |w(CaOODSP)9.629461 |
| 776 | 0#|tProgramme de mise en forme et de développement de la force musculaire |w(CaOODSP)9.677718 |
| 856 | 40|qPDF|s27.63 Mo|uhttps://publications.gc.ca/collections/collection_2016/grc-rcmp/PS64-110-2013-fra.pdf |